| 000 | 00861nam a2200193 i 4500 | ||
|---|---|---|---|
| 001 | 46722 | ||
| 003 | ES-MaACL | ||
| 005 | 20230906161433.0 | ||
| 007 | t| | ||
| 008 | 030331s1927 sp ||||1| spa d | ||
| 100 | 1 |
_aCónill Montobbio, Víctor. _940183 |
|
| 245 | 1 | 0 |
_aEnsayo de correlación endocrino-psicológica en la mujer : _b(fundamentos biológicos del destino de la mujer) : discurso leído en la Real Academia de Medicina y Cirugía de Barcelona el día 6 de noviembre de 1927 en su recepción / _cpor Víctor Cónill Montobbio ; discurso de contestación de Pedro Jubiola Espinós. |
| 260 |
_aBarcelona : _bJ. Horta, _c1927. |
||
| 300 |
_a56 p. ; _c27 cm. |
||
| 650 | 4 |
_aEndocrinología ginecológica. _9166160 |
|
| 700 | 1 |
_aJubiola Espinos, Pedro. _967178 |
|
| 710 | 2 |
_aReal Academia de Medicina de Barcelona. _96324 |
|
| 852 | 4 |
_aES-MaACL _j1720-F-9 |
|
| 999 |
_c46722 _d46722 |
||